| 000 | 00700cam a2200229 4500 | ||
|---|---|---|---|
| 001 | M2122 | ||
| 008 | 090401t1996 xxu||||| |||| 00| 0 eng d | ||
| 035 | _a(Sirsi) u36592 | ||
| 041 | _aeng | ||
| 050 | _a333.332 | ||
| 090 | _aRICS 1996/49AC | ||
| 110 |
_aRoyal Institution of Chartered Surveyors _94900 |
||
| 245 | _aConsultation document : the capital and rental valuation of restaurants. | ||
| 260 |
_aLondon _bRICS _c1996 |
||
| 300 | _a7p. ; 30cm. | ||
| 350 | _a0 | ||
| 520 | _aConsultation document. Closing date for coments 12 July 1996. Comments to be sent to Rebekah Lowe. | ||
| 650 | _aCONSULTATION DOCUMENT | ||
| 690 | _aRATING AND VALUATION | ||
| 942 | _n0 | ||
| 948 | _c04/03/1997 | ||
| 999 |
_c90345 _d90345 |
||